000 01179cam a22003377a 4500
003 CHAP
005 20220817043232.0
008 971013s1989 r 00010 d
010 _a69201
011 _a70173
035 _a79653
040 _cCHAP
090 _aTesis
100 0 0 _aGutiérrez Tejeda, Macario.
_951843
245 0 _aEvaluación de los métodos manual y químico de control de maleza en plantaciones nuevas de café (Coffea arábica L.) en el municipio de Atzalán, Ver.
260 _aChapingo, Méx. :
_bEl autor,
_c1989
300 _a75 h.
502 _aTesis (Ing. Agrónomo Esp. en Fitotecnia) -- UACH. Departamento de Fitotecnia
590 _aALEPH
_b10
_c20130110
_lUCH01
_h1407
590 _aBATCH-UPD
_b10
_c20130110
_lUCH01
_h0720
590 _aBATCH-UPD
_b10
_c20130410
_lUCH01
_h0405
590 _aBATCH-UPD
_b10
_c20130914
_lUCH01
_h0811
590 _aCONVERSION
_b10
_c20130109
_lUCH01
_h1338
650 1 4 _aCafé
_xMalas hierbas
_xControl.
_917167
650 1 4 _aCafé
_zVeracruz.
650 1 4 _aHerbicidas.
_953691
710 _aUACH. Departamento de Fitotecnia
901 _aBK
942 _cTESIS
949 _bBC
_cTES
_d-32542
_eTS1
_h22436
_i79653
_si
999 _c69201
_d69201